|
|
|
|
| LEADER |
00000nam0a2200000 4500 |
| 001 |
161376 |
| 005 |
20231031155905.0 |
| 035 |
|
|
|a (RuTPU)RU\TPU\book\174991
|
| 090 |
|
|
|a 161376
|
| 100 |
|
|
|a 20090608d1972 m y0rusy50 ca
|
| 101 |
0 |
|
|a rus
|
| 102 |
|
|
|a RU
|
| 105 |
|
|
|a a j 001zy
|
| 200 |
1 |
|
|a Доменный процесс производства чугуна
|e учебное пособие
|f Т. В. Головина
|g Московский институт народного хозяйства им. Г. В. Плеханова, Кафедра технологии важнейших отраслей промышленности
|
| 210 |
|
|
|a Москва
|c [Б. и.]
|d 1972
|
| 215 |
|
|
|a 25 с.
|c ил.
|
| 320 |
|
|
|a Библиогр.: с. 26.
|
| 610 |
1 |
|
|a доменные процессы
|
| 610 |
1 |
|
|a производство
|
| 610 |
1 |
|
|a чугун
|
| 610 |
1 |
|
|a учебные пособия
|
| 675 |
|
|
|a 669.162.267
|v 3
|
| 700 |
|
1 |
|a Головина
|b Т. В.
|
| 712 |
0 |
2 |
|a Московский институт народного хозяйства им. Г. В. Плеханова
|b Кафедра технологии важнейших отраслей промышленности
|2 stltpush
|3 (RuTPU)RU\TPU\col\14943
|
| 801 |
|
1 |
|a RU
|b 63413507
|c 20090608
|g PSBO
|
| 801 |
|
2 |
|a RU
|b 63413507
|c 20200824
|g PSBO
|
| 942 |
|
|
|c BK
|